Papeles de Relaciones Ecosociales y Cambio Global /

Guardat en:
Dades bibliogràfiques
Format: Publicació Periòdica
Idioma:espanyol
Publicat: Madrid, España : Barcelona, España : Fundación Hogar del Empleado ; Icaria, 2018-
Matèries:
Etiquetes: Afegir etiqueta
Sense etiquetes, Sigues el primer a etiquetar aquest registre!

MARC

LEADER 00000nas^a2200000^a^4500
001 000403573
005 20251121162915.0
009 20260310121742.141
022 |a 1888-0576 
037 |a Acervo ITESO - Biblioteca 
041 |a ESP 
094 |a 1240 
245 0 0 |a Papeles de Relaciones Ecosociales y Cambio Global / 
264 1 |a Madrid, España :  |b Fundación Hogar del Empleado ;  |a Barcelona, España :  |b Icaria,  |c 2018- 
300 |a volúmenes 
310 |a Trimestral 
336 |a texto  |b txt  |2 rdacontenido 
337 |a sin mediación  |b n  |2 rdamedio 
338 |a volumen  |b nc  |2 rdasoporte 
362 0 |a N° 142 (verano 2018) - 
599 |a No vigente 
649 |a XX 
650 |a Guerra y Paz -  |x Publicaciones Periódicas Españolas -  |x Tema Principal 
650 |a Desarrollo Sustentable -  |x Publicaciones Periódicas Españolas 
650 |a Cohesión Social -  |x Publicaciones Periódicas Españolas 
650 |a Democracia -  |x Publicaciones Periódicas Españolas 
650 |a Política -  |x Publicaciones Periódicas Españolas -  |x Tema Principal 
650 |a Ciencias Sociales -  |x Publicaciones Periódicas Españolas -  |x Tema Principal 
650 |a Publicaciones Periódicas Españolas 
910 |a Fondo General 
920 |a Impresos - Publicaciones Periódicas 
905 |a 105 
902 |a https://opac.biblio.iteso.mx/vufind/Record/000403573